Kỹ nghệ phần mềm cách tiếp cận của người thực hành T.1 /

Phần mềm; Tiến trình và việc quản lý nó; Phân tích yêu cầu hệ thống và phần mềm; Kỹ nghệ hệ thống máy tính; Nền tảng của phân tích yêu cầu; Phân tích có cấu trúc và sự mở rộng của nó...

Wedi'i Gadw mewn:
Manylion Llyfryddiaeth
Prif Awdur: Pressman, Roger S.
Awduron Eraill: Ngô Trung Việt (dịch.)
Fformat: Llyfr
Iaith:Vietnamese
Cyhoeddwyd: Hà Nội : Giáo dục, 1997.
Pynciau:
Tagiau: Ychwanegu Tag
Dim Tagiau, Byddwch y cyntaf i dagio'r cofnod hwn!
Thư viện lưu trữ: Mạng thư viện Đại học Đà Nẵng
LEADER 01157cam a2200337 i 4500
001 000042728
003 603
005 20041027152255.0
008 010226b1997 vm 000 vie
020 |c 18500 
040 |a IRC  |c IRC  |d IRC 
041 1 |a vie 
082 1 4 |a 005.1  |b PR-R 
100 1 |a Pressman, Roger S. 
245 1 0 |a Kỹ nghệ phần mềm cách tiếp cận của người thực hành  |n T.1 /  |c Roger S. Pressman ; Ngô Trung Việt dịch. 
260 |a Hà Nội :  |b Giáo dục,  |c 1997. 
300 |a 383 tr. ;  |c 20,3 cm. 
520 3 |a Phần mềm; Tiến trình và việc quản lý nó; Phân tích yêu cầu hệ thống và phần mềm; Kỹ nghệ hệ thống máy tính; Nền tảng của phân tích yêu cầu; Phân tích có cấu trúc và sự mở rộng của nó... 
630 0 4 |a Tin học. 
650 0 4 |a Phần mềm, kỹ nghệ. 
700 1 |a Ngô Trung Việt,  |e dịch. 
OWN |a DUT 
999 |a From the UDN01 
TYP |a Monograph 
TYP |a Printed language 
980 |a Mạng thư viện Đại học Đà Nẵng